000 00208nam a22000977a 4500
082 _a961.2 JAM'A
245 _aJAMAHIRIYA ERA OF THE MASSES
260 _aCANBERRA
_bLIBYAN
_c1969
300 _a96P
942 _cBK
999 _c580093
_d580093